000 00269nam a22001097a 4500
008 170124b xxu||||| |||| 00| 0 eng d
020 _a9780781797917
041 _aeng
080 _22ND
_a618.2
245 _aADMINISTRATIVE MEDICAL ASSISTING
_cDURHAM, L.S
942 _2udc
_cBK
999 _c3512
_d3512